Random Name a Valid Bordering State - Statistics

General Stats
  • This quiz has been taken 27 times
  • The average score is 15 of 15
Answer Stats
State # A state that borders it % Correct
Tennessee 8 Alabama | Arkansas | Georgia | Kentucky | Mississippi | Missouri | North Carolina | Virginia
100%
Mississipi 4 Alabama | Arkansas | Louisiana | Tennessee
100%
Georgia 5 Alabama | Florida | North Carolina | South Carolina | Tennessee
100%
Florida 2 Alabama | Georgia
100%
Nevada 5 Arizona | California | Colorado | Idaho | Oregon
100%
Utah 5 Arizona | Colorado | Nevada | Utah | Wyoming
100%
New Mexico 4 Arizona | Colorado | Oklahoma | Texas
100%
California 3 Arizona | Nevada | Oregon
100%
Oklahoma 6 Arkansas | Colorado | Kansas | Missouri | New Mexico | Texas
100%
Missouri 8 Arkansas | Illinois | Iowa | Kansas | Kentucky | Nebraska | Oklahoma | Tennessee
100%
Alabama 4 Arkansas | Louisiana | Mississippi | Tennessee
100%
Texas 4 Arkansas | Louisiana | New Mexico | Oklahoma
100%
Louisiana 3 Arkansas | Mississippi | Texas
100%
Oregon 4 California | Idaho | Nevada | Washington
100%
Arizona 4 California | Nevada | New Mexico | Utah
100%
Wyoming 6 Colorado | Idaho | Montana | Nebraska | South Dakota
100%
Nebraska 6 Colorado | Iowa | Kansas | Oklahoma | South Dakota | Wyoming
100%
Kansas 4 Colorado | Missouri | Nebraska | Oklahoma
100%
New York 5 Connecticut | Massachusetts | New Jersey | Pennsylvania | Vermont
100%
Massachusetts 5 Connecticut | New Hampshire | New York | Rhode Island | Vermont
100%
Pennsylvania 6 Delaware | Maryland | New Jersey | New York | Ohio | Pennsylvania
100%
Maryland 4 Delaware | Pennsylvania | Virginia | West Virginia
100%
South Carolina 2 Georgia | North Carolina
100%
North Carolina 4 Georgia | South Carolina | Tennessee | Virginia
100%
Montana 4 Idaho | North Dakota | South Dakota | Wyoming
100%
Washington 2 Idaho | Oregon
100%
Kentucky 7 Illinois | Indiana | Missouri | Ohio | Tennessee | Virginia | West Virginia
100%
Wisconsin 4 Illinois | Iowa | Michigan | Minnesota
100%
Indiana 4 Illinois | Kentucky | Michigan | Ohio
100%
Iowa 6 Illinois | Minnesota | Missouri | Nebraska | South Dakota | Wisconsin
100%
Illinois 5 Indiana | Iowa | Kentucky | Missouri | Wisconsin
100%
Ohio 5 Indiana | Kentucky | Michigan | Pennsylvania | West Virginia
100%
South Dakota 6 Iowa | Minnesota | Montana | Nebraska | North Dakota | Wyoming
100%
Minnesota 4 Iowa | North Dakota | South Dakota | Wisconsin
100%
Colorado 6 Kansas | Nebraska | New Mexico | Oklahoma | Wyoming | Utah
100%
Virginia 5 Kentucky | Maryland | North Carolina | Tennessee | West Virginia
100%
West Virginia 5 Kentucky | Maryland | Ohio | Pennsylvania | Virginia
100%
Arkansas 6 Louisiana | Mississippi | Missouri | Oklahoma | Tennessee | Texas
100%
New Hampshire 3 Maine | Massachusetts | Vermont
100%
Delaware 3 Maryland | New Jersey | Pennsylvania
100%
Vermont 3 Massachusetts | New Hampshire | New York
100%
Connecticut 3 Massachusetts | New York | Rhode Island
100%
North Dakota 3 Minnesota | Montana | South Dakota
100%
Idaho 6 Montana | Nevada | Oregon | Utah | Washington | Wyoming
100%
Maine 1 New Hampshire
100%
New Jersey 3 Delaware | New York | Pennsylvania
88%
Michigan 3 Indiana | Ohio | Wisconsin
88%
Rhode Island 2 Connecticut | Massachusetts
83%
No matching quizzes found
Score Distribution
Percent of People with Each Score
Percentile by Number Answered
Your Score History
You have not taken this quiz